Operação Cavalo de Troia / (Record no. 50)

MARC details
000 -LÍDER
campo de controle de tamanho fixo 01432nam a2200337 4500
001 - NÚMERO DE CONTROLE
campo de controle 50
003 - IDENTIFICADOR DO NÚMERO DE CONTROLE
campo de controle OSt
005 - DATA E HORÁRIO DA ÚLTIMA TRANSAÇÃO
campo de controle 20250528074010.0
008 - CAMPO DE DADOS FIXOS--INFORMAÇÃO GERAL
campo de controle de tamanho fixo 250122b |||||||e |||| 00| 1 eng d
040 ## - FONTE DA CATALOGAÇÃO
Idioma da catalogação por
041 ## - CÓDIGO DE IDIOMA
Código do idioma do original e/ou traduções intermediárias do texto spa
Código do idioma do texto/trilha sonora ou título diferente por
082 ## - CDD - CLASSIFICAÇÃO DECIMAL DE DEWEY
Número de Classificação 863
Número do exemplar B467c
100 1# - ENTRADA PRINCIPAL--NOME PESSOAL
Nome pessoal Benítez, J. J.,
Datas associadas ao nome 1946-
9 (RLIN) 143
240 ## - TÍTULO UNIFORME
Título uniforme Caballo de Troya
245 ## - TÍTULO
Título Operação Cavalo de Troia /
Indicação de responsabilidade, etc. Benitez, J. J. ; Tradução de Herminio Tricca
260 ## - PUBLICAÇÃO, DISTRIBUIÇÃO, ETC.
Local de publicação, distribuição, etc. São Paulo
Nome do editor, distribuidor, etc. Mercuryo
Data da publicação, distribuição, etc. 1987
300 ## - DESCRIÇÃO FÍSICA
Extensão 557 p.
490 1# - TÍTULO DA SÉRIE
Título da série Cavalo de Troia
Número do volume ou designação sequencial da série vol. 01
500 ## - NOTA GERAL
Nota geral Cavalo de Troia Jerusalem
520 ## - NOTA DE RESUMO, ETC.
Resumo, etc. Relato de um militar e cientista norte-americano que, como integrante de um projeto batizado pela NASA de OPERAÇÃO CAVALO DE TRÓIA, participou de uma experiência que lhe permitiu voltar quase dois mil anos no tempo e ser testemunha ocular da vida de Jesus Cristo. No segundo volume, o autor inclui as espantosas intrigas e revelações no tortuoso terreno da política internacional recente, além do segundo lançamento do berço, após a Ressurreição, assim como a Última Ceia com os Apóstolos.
650 #0 - ASSUNTO--TERMO TÓPICO
Cabeçalho tópico ou nome geográfico Literatura espanhola
9 (RLIN) 144
650 #0 - ASSUNTO--TERMO TÓPICO
Cabeçalho tópico ou nome geográfico Ficção Científica
9 (RLIN) 63
650 #0 - ASSUNTO--TERMO TÓPICO
Cabeçalho tópico ou nome geográfico Viagem no tempo
9 (RLIN) 145
650 #0 - ASSUNTO--TERMO TÓPICO
Cabeçalho tópico ou nome geográfico Ação
9 (RLIN) 64
650 #0 - ASSUNTO--TERMO TÓPICO
Cabeçalho tópico ou nome geográfico Religião
9 (RLIN) 100
655 #0 - TERMO DE ÍNDICE--GÊNERO E FORMA
Gênero/forma/ou termo foco Romance
655 #0 - TERMO DE ÍNDICE--GÊNERO E FORMA
Gênero/forma/ou termo foco Ficção
700 ## - ENTRADA ADICIONADA - NOME PESSOAL
Nome pessoal Herminio Tricca
Função do autor por extenso Tradutor
9 (RLIN) 146
830 ## - ENTRADA SECUNDÁRIA DE SÉRIE--TÍTULO UNIFORME
Título uniforme Cavalo de Troia
Número do volume ou designação sequencial da série vol. 01
9 (RLIN) 147
942 ## - ELEMENTOS DE ENTRADA ADICIONADOS (KOHA)
Fonte de classificação ou esquema de arquivamento Classificação decimal de Dewey
Ocultar no OPAC Não
Tipo de material Koha Livros
Holdings
Situação do descarte Situação das perdas Fonte de classificação ou esquema de arquivamento Materiais especificados (volume encadernado ou outra parte) Status danificado Não pode ser emprestado Coleção Biblioteca de origem Biblioteca atual Localização na estante Data de aquisição Fonte de aquisição Total de empréstimos Número de chamada completo Código de barras Data de último acesso Data do preço efetivo Tipo de material Koha
    Classificação decimal de Dewey vol. 01     Ficção Biblioteca Professor Eduardo Afonso de Castro Biblioteca Professor Eduardo Afonso de Castro Literatura Estrangeira 18.10.2013 doação   863 / B467c 2025-2189 20.01.2025 20.01.2025 Livros

Powered by Koha